000 00520nam a2200205Ia 4500
999 _c14820
_d14820
003 0100
005 20170428093007.0
008 130303s9999 xx 000 0 und d
020 _a295954477
040 _cARRUPELIB
050 _aDT963.42.M351976
100 _aMarks, Stuart A
_930062
245 _aLarge mammals and a brave people
245 _bsubsistence hunters in Zambia
260 _bUniversity of Washington Press
_aSeattle
_c1976
300 _axx
300 _b 254 p. ill. 24 cm
650 _aBisa (African peopole)
_xHunting
_930063
650 _aPrimitive
_xCase studies
_930064
700 _aStuart A. Marks
_930065
942 _2lcc
_cMONOGRAPH